| Tag |
First Indicator |
Second Indicator |
Subfields |
| LEADER |
00000cam a2200000 a 4500 |
| 001 |
in00000026973 |
| 005 |
20151007054616.0 |
| 007 |
he bmb||||||| |
| 008 |
850620r19851983oru bb 00010 eng d |
| 035 |
|
|
|a (OCoLC)12179982
|
| 035 |
|
|
|9 AAB5701AM
|
| 040 |
|
|
|a ORU
|c IWU
|d IWU
|d HPE
|d TXA
|d UtOrBLW
|
| 049 |
|
|
|a TXAI
|
| 099 |
|
|
|a fiche
|a C
|a 8463
|
| 100 |
1 |
|
|a Peck, Susan Lyn,
|d 1956-
|
| 245 |
1 |
4 |
|a The relationship between age, training, and physical characteristics and menstrual cycle variability in female runners /
|c by Susan Lyn Peck.
|
| 264 |
|
1 |
|a [Place of publication not identified] :
|b [publisher not identified] ;
|c 1984.
|
| 300 |
|
|
|a x, 68 leaves.
|
| 336 |
|
|
|a text
|b txt
|2 rdacontent
|
| 337 |
|
|
|a microform
|b h
|2 rdamedia
|
| 338 |
|
|
|a microfiche
|b he
|2 rdacarrier
|
| 502 |
|
|
|b M.S.
|c University of Oregon
|d 1984.
|
| 500 |
|
|
|a Vita.
|
| 504 |
|
|
|a Bibliography: leaves 62-68.
|
| 533 |
|
|
|a Microfiche.
|b Eugene :
|c Microform Publications, College of Human Development and Performance, University of Oregon,
|d 1985.
|e 1 microfiche : negative ; 11 x 15 cm.
|
| 500 |
|
|
|a Microform.
|
| 650 |
|
0 |
|a Menstrual cycle.
|
| 650 |
|
0 |
|a Running
|x Physiological aspects.
|
| 650 |
|
0 |
|a Women
|x Physiology.
|
| 999 |
|
|
|a MARS
|
| 999 |
f |
f |
|s e3b43eac-38da-3bcf-b832-fc01e220e117
|i 76e7421a-20ec-312d-a9c8-154102709ca2
|t 0
|
| 952 |
f |
f |
|p normal
|a Texas A&M University
|b College Station
|c Sterling C. Evans Library
|d Evans: Microforms (3rd floor)
|t 0
|e fiche C 8463
|h Other scheme
|i microform -- microfiche
|m A14822817454
|
| 998 |
f |
f |
|a fiche C 8463
|t 0
|l Evans: Microforms (3rd floor)
|